00400 2200169 4500001002100000005001500021008004100036020002200077035001900099041000700118082001000125090001000135100001300145245003000158260002400188300001800212INLIS00000000001118020241224114132241224||||||||| | ||| |||| || |  a978-979-054-277-8 0010-1224011180 aid0 a616.2 a616.20 aAminudin00aMengenal bahaya influenza aBogorbQuadrac2010 avi+74hlm;25cm